Organisational Dynamics & HR Processes Emerging Trends (Record no. 2)

MARC details
000 -LEADER
fixed length control field 00424nam a2200169Ia 4500
008 - FIXED-LENGTH DATA ELEMENTS--GENERAL INFORMATION
fixed length control field 221030s9999 xx 000 0 und d
020 ## - INTERNATIONAL STANDARD BOOK NUMBER
ISBN 8178669862
041 ## - LANGUAGE CODE
Language code of text/sound track or separate title
082 ## - DEWEY DECIMAL CLASSIFICATION NUMBER
Classification number 105.23
Item number Kai
100 ## - MAIN ENTRY--AUTHOR NAME
Personal name H. L. Kaila
245 #0 - TITLE STATEMENT
Title Organisational Dynamics & HR Processes Emerging Trends
260 ## - PUBLICATION, DISTRIBUTION, ETC. (IMPRINT)
Name of publisher Himalaya Pub House
Place of publication Mumbai
Year of publication 2004
300 ## - PHYSICAL DESCRIPTION
Number of Pages 106
650 ## - SUBJECT ADDED ENTRY--TOPICAL TERM
Topical Term Management
700 ## - ADDED ENTRY--PERSONAL NAME
Personal name S. Ravishankar
942 ## - ADDED ENTRY ELEMENTS (KOHA)
Koha item type Books
Holdings
Accession Number Cost, normal purchase price Full call number Price effective from Koha item type Withdrawn / writtenoff status Materials specified (bound volume or other part) Damaged status Not for loan Collection code Permanent Location Current Location Shelving location Date acquired Lost/ Missing status department
MBA 791 375.00 105.23 Kai 10/30/2022 Books   Print   Not For Loan   MIET Library, Jammu MIET Library, Jammu BL-Second, FL-1, CUP-67, SH-2, R-2 03/17/2006   MBA
MBA 792 375.00 105.23 Kai 10/30/2022 Books   Print       MIET Library, Jammu MIET Library, Jammu BL-Second, FL-1, CUP-61, SH-4, R-4 03/17/2006   MBA